Kraje które mają najwięcej zakażeń covid-19 - Statystyki

Ogólne statystyki
  • Ten quiz został rozwiązany 102 razy
  • Średni wynik to 11 z 15
Statystyki odpowiedzi
Zakażenia Kraj - Państwo % Poprawnych
2,22 mln Polska
98%
30,3 mln Stany Zjednoczone
93%
4,46 mln Rosja
92%
2,78 mln Niemcy
87%
4,55 mln Francja
83%
3,51 mln Włochy
83%
4,33 mln Wielka Brytania
78%
12,5 mln Brazylia
77%
3,26 mln Hiszpania
77%
12 mln Indie
76%
2,3 mln Meksyk
72%
1,69 mln Ukraina
64%
3,18 mln Turcja
49%
1,85 mln Iran
47%
2,38 mln Kolumbia
27%
Nie znaleziono quizów pasujących do podanych kryteriów
Rozkład punktacji
Procent ludzi z każdym wynikiem
Percentyl według liczby udzielonych odpowiedzi
Twoja historia wyników
Nie rozwiązałeś tego quizu